[Event "MSR_ch20"]
[Site "?"]
[Date "2024.04.12"]
[Round "9.2"]
[White "Petrek, Dominik"]
[Black "Bulej, Matej"]
[Result "1/2-1/2"]
[BlackElo "2067"]
[WhiteElo "2249"]
[LiveChessVersion "1.4.8"]

1. d4 {[%clk 1:30:19]} d5 {[%clk 1:30:55]} 2. c4 {[%clk 1:30:45]} c6
{[%clk 1:31:19]} 3. Nf3 {[%clk 1:30:56]} Nf6 {[%clk 1:31:39]} 4. e3
{[%clk 1:30:51]} Bf5 {[%clk 1:31:54]} 5. Nc3 {[%clk 1:30:48]} e6 {[%clk 1:32:09]}
6. Nh4 {[%clk 1:31:06]} Be4 {[%clk 1:31:27]} 7. f3 {[%clk 1:31:13]} Bg6
{[%clk 1:31:54]} 8. Qb3 {[%clk 1:30:48]} Qc7 {[%clk 1:29:05]} 9. Bd2
{[%clk 1:30:41]} Bd6 {[%clk 1:26:46]} 10. O-O-O {[%clk 1:25:24]} Nbd7
{[%clk 1:25:17]} 11. h3 {[%clk 1:19:22]} O-O {[%clk 1:21:11]} 12. Nxg6
{[%clk 1:18:08]} hxg6 {[%clk 1:21:25]} 13. Kb1 {[%clk 1:12:01]} dxc4
{[%clk 1:04:14]} 14. Bxc4 {[%clk 1:09:06]} a6 {[%clk 1:03:32]} 15. Rc1
{[%clk 1:05:00]} e5 {[%clk 0:56:43]} 16. Bd3 {[%clk 0:58:23]} exd4
{[%clk 0:51:27]} 17. exd4 {[%clk 0:58:32]} Qb6 {[%clk 0:49:57]} 18. Qc4
{[%clk 0:50:23]} Qb4 {[%clk 0:47:50]} 19. Ne4 {[%clk 0:45:21]} Qxc4
{[%clk 0:47:50]} 20. Bxc4 {[%clk 0:40:59]} Bc7 {[%clk 0:45:51]} 21. Bb4
{[%clk 0:35:40]} Rfc8 {[%clk 0:41:07]} 22. Nc5 {[%clk 0:31:40]} Bf4
{[%clk 0:36:22]} 23. Nxd7 {[%clk 0:23:07]} Nxd7 {[%clk 0:33:42]} 24. Rce1
{[%clk 0:23:15]} Re8 {[%clk 0:33:39]} 25. Re4 {[%clk 0:20:34]} Be3
{[%clk 0:29:19]} 26. Bc3 {[%clk 0:12:52]} Nf6 {[%clk 0:27:35]} 27. Rxe8+
{[%clk 0:10:43]} Rxe8 {[%clk 0:26:26]} 28. Re1 {[%clk 0:10:57]} Kf8
{[%clk 0:22:58]} 29. Bb4+ {[%clk 0:10:31]} Kg8 {[%clk 0:21:45]} 30. Bc3
{[%clk 0:10:53]} Kf8 {[%clk 0:17:58]} 1/2-1/2

[Event "MSR_ch20"]
[Site "?"]
[Date "2024.04.12"]
[Round "9.3"]
[White "Salgovic, Simon"]
[Black "Turcan, Richard"]
[Result "1/2-1/2"]
[BlackElo "2365"]
[WhiteElo "2059"]
[LiveChessVersion "1.4.8"]

1. e4 {[%clk 1:30:49]} c5 {[%clk 1:30:32]} 2. Nf3 {[%clk 1:31:09]} d6
{[%clk 1:30:06]} 3. d4 {[%clk 1:26:51]} cxd4 {[%clk 1:30:10]} 4. Nxd4
{[%clk 1:27:15]} Nf6 {[%clk 1:30:36]} 5. Nc3 {[%clk 1:27:40]} g6 {[%clk 1:30:51]}
6. Be3 {[%clk 1:24:41]} Bg7 {[%clk 1:31:13]} 7. Be2 {[%clk 1:21:51]} O-O
{[%clk 1:31:27]} 8. Qd2 {[%clk 1:19:41]} Nc6 {[%clk 1:29:23]} 9. Rd1
{[%clk 1:16:37]} Bd7 {[%clk 1:24:51]} 10. O-O {[%clk 1:13:23]} Nxd4
{[%clk 1:22:04]} 11. Bxd4 {[%clk 1:12:43]} Bc6 {[%clk 1:22:18]} 12. Bf3
{[%clk 1:08:03]} Nd7 {[%clk 1:13:21]} 13. Bxg7 {[%clk 1:06:19]} Kxg7
{[%clk 1:13:42]} 14. Qd4+ {[%clk 1:00:43]} Kg8 {[%clk 1:13:49]} 15. Be2
{[%clk 0:45:55]} a6 {[%clk 1:08:15]} 16. Bc4 {[%clk 0:43:02]} b5 {[%clk 1:00:39]}
17. Bd5 {[%clk 0:41:05]} Rc8 {[%clk 1:00:51]} 18. Rfe1 {[%clk 0:39:50]} Qb6
{[%clk 0:57:48]} 19. Bxc6 {[%clk 0:36:32]} Qxc6 {[%clk 0:56:27]} 20. Nd5
{[%clk 0:35:05]} Rfe8 {[%clk 0:56:23]} 21. c3 {[%clk 0:26:06]} Qb7
{[%clk 0:54:19]} 22. Qd2 {[%clk 0:18:34]} a5 {[%clk 0:38:13]} 23. h4
{[%clk 0:14:15]} Nb6 {[%clk 0:30:53]} 24. Nf4 {[%clk 0:12:00]} b4
{[%clk 0:28:54]} 25. cxb4 {[%clk 0:10:28]} Nc4 {[%clk 0:29:15]} 26. Qe2
{[%clk 0:10:10]} Qxb4 {[%clk 0:27:27]} 27. b3 {[%clk 0:08:56]} Nb6
{[%clk 0:27:37]} 28. h5 {[%clk 0:08:52]} Qc3 {[%clk 0:21:53]} 29. Rd3
{[%clk 0:07:30]} Qe5 {[%clk 0:21:17]} 30. Qg4 {[%clk 0:07:12]} Rc5
{[%clk 0:18:45]} 31. hxg6 {[%clk 0:04:55]} hxg6 {[%clk 0:19:13]} 32. Nxg6
{[%clk 0:02:26]} Qg7 {[%clk 0:19:36]} 33. Rh3 {[%clk 0:02:54]} Qxg6
{[%clk 0:19:28]} 34. Qh4 {[%clk 0:02:54]} Kf8 {[%clk 0:15:38]} 35. Qh8+
{[%clk 0:01:56]} Qg8 {[%clk 0:16:00]} 36. Qh6+ {[%clk 0:02:00]} Qg7
{[%clk 0:16:24]} 37. Qh8+ {[%clk 0:02:17]} Qg8 {[%clk 0:16:47]} 1/2-1/2

[Event "MSR_ch20"]
[Site "?"]
[Date "2024.04.12"]
[Round "9.4"]
[White "Bochnicka, Vladimir"]
[Black "Stevik, Patrik"]
[Result "1/2-1/2"]
[BlackElo "2213"]
[WhiteElo "2421"]
[LiveChessVersion "1.4.8"]

1. e4 {[%clk 1:30:52]} Nc6 {[%clk 1:30:55]} 2. Nf3 {[%clk 1:31:11]} f5
{[%clk 1:29:21]} 3. exf5 {[%clk 1:24:47]} d5 {[%clk 1:29:49]} 4. d4
{[%clk 1:24:02]} Bxf5 {[%clk 1:30:16]} 5. Bd3 {[%clk 1:22:59]} Bg4
{[%clk 1:30:25]} 6. Be2 {[%clk 1:18:35]} Qd6 {[%clk 1:25:49]} 7. c3
{[%clk 1:15:30]} Nf6 {[%clk 1:24:33]} 8. O-O {[%clk 1:10:59]} Bxf3
{[%clk 1:14:49]} 9. Bxf3 {[%clk 1:09:08]} e5 {[%clk 1:14:46]} 10. dxe5
{[%clk 1:09:25]} Nxe5 {[%clk 1:15:12]} 11. Bf4 {[%clk 1:08:02]} O-O-O
{[%clk 1:14:30]} 12. Kh1 {[%clk 1:05:49]} Qe6 {[%clk 1:08:49]} 13. Re1
{[%clk 0:50:53]} Bd6 {[%clk 1:08:46]} 14. Nd2 {[%clk 0:44:49]} Qf5
{[%clk 1:06:33]} 15. Bxe5 {[%clk 0:42:20]} Bxe5 {[%clk 1:06:50]} 16. Nf1
{[%clk 0:42:31]} Rhe8 {[%clk 0:53:06]} 17. Ne3 {[%clk 0:25:53]} 1/2-1/2

[Event "MSR_ch20"]
[Site "?"]
[Date "2024.04.12"]
[Round "9.5"]
[White "Compel, Daniel"]
[Black "Straka, Simon"]
[Result "1-0"]
[BlackElo "2025"]
[WhiteElo "2220"]
[LiveChessVersion "1.4.8"]

1. d4 {[%clk 1:30:58]} Nf6 {[%clk 1:30:18]} 2. c4 {[%clk 1:31:24]} e6
{[%clk 1:30:33]} 3. Nf3 {[%clk 1:31:51]} b6 {[%clk 1:30:51]} 4. g3
{[%clk 1:32:01]} Ba6 {[%clk 1:30:58]} 5. b3 {[%clk 1:32:25]} Bb4+
{[%clk 1:31:03]} 6. Bd2 {[%clk 1:32:51]} Be7 {[%clk 1:31:26]} 7. Nc3
{[%clk 1:33:02]} d5 {[%clk 1:31:13]} 8. cxd5 {[%clk 1:33:07]} exd5
{[%clk 1:31:37]} 9. Bg2 {[%clk 1:33:33]} O-O {[%clk 1:29:28]} 10. O-O
{[%clk 1:33:58]} Nbd7 {[%clk 1:11:46]} 11. Bf4 {[%clk 1:29:16]} c6
{[%clk 1:06:36]} 12. Rc1 {[%clk 1:27:49]} Re8 {[%clk 1:03:49]} 13. Re1
{[%clk 1:16:10]} Bb7 {[%clk 0:54:07]} 14. Ne5 {[%clk 1:13:43]} Nxe5
{[%clk 0:41:30]} 15. dxe5 {[%clk 1:05:02]} Nh5 {[%clk 0:35:55]} 16. e3
{[%clk 0:44:07]} Nxf4 {[%clk 0:35:54]} 17. gxf4 {[%clk 0:44:12]} Bb4
{[%clk 0:28:53]} 18. Qh5 {[%clk 0:35:15]} f6 {[%clk 0:19:11]} 19. Red1
{[%clk 0:28:07]} fxe5 {[%clk 0:19:01]} 20. fxe5 {[%clk 0:28:20]} Re6
{[%clk 0:17:17]} 21. f4 {[%clk 0:26:08]} Rh6 {[%clk 0:15:52]} 22. Qf3
{[%clk 0:23:35]} Qh4 {[%clk 0:10:37]} 23. Qg3 {[%clk 0:22:22]} Qe7
{[%clk 0:09:22]} 24. Ne2 {[%clk 0:21:27]} Rg6 {[%clk 0:08:02]} 25. Qf2
{[%clk 0:20:19]} Bc5 {[%clk 0:06:22]} 26. Nd4 {[%clk 0:20:05]} Bxd4 27. exd4
{[%clk 0:20:21]} Rf8 {[%clk 0:03:39]} 28. f5 {[%clk 0:18:10]} Rg5
{[%clk 0:03:33]} 29. Rf1 {[%clk 0:17:42]} Rgxf5 {[%clk 0:00:51]} 30. Qxf5
{[%clk 0:18:02]} Rxf5 {[%clk 0:01:19]} 31. Rxf5 {[%clk 0:18:28]} Qh4
{[%clk 0:00:36]} 32. e6 {[%clk 0:14:23]} Qxd4+ {[%clk 0:00:37]} 33. Kh1
{[%clk 0:14:50]} Qe3 {[%clk 0:00:33]} 34. Rcf1 {[%clk 0:15:12]} h6
{[%clk 0:00:32]} 35. Rf8+ {[%clk 0:15:11]} Kh7 {[%clk 0:00:57]} 36. e7
{[%clk 0:15:34]} Qxe7 {[%clk 0:00:31]} 37. R8f7 {[%clk 0:15:58]} Qe2
{[%clk 0:00:32]} 38. Rxb7 {[%clk 0:15:58]} d4 {[%clk 0:00:36]} 39. Rbf7
{[%clk 0:14:39]} d3 {[%clk 0:00:37]} 40. R7f2 {[%clk 0:13:31]} Qe3
{[%clk 0:00:36]} 41. Rf4 {[%clk 0:13:11]} h5 {[%clk 0:27:39]} 42. Re4
{[%clk 0:40:40]} Qc5 {[%clk 0:14:02]} 43. Re6 {[%clk 0:31:58]} d2
{[%clk 0:06:25]} 44. Be4+ {[%clk 0:29:53]} g6 {[%clk 0:06:41]} 45. Rxg6
{[%clk 0:28:36]} Kh8 {[%clk 0:06:41]} 46. Rfg1 {[%clk 0:25:18]} Qf8
{[%clk 0:06:29]} 47. Rg8+ {[%clk 0:22:00]} Qxg8 {[%clk 0:06:47]} 48. Rxg8+
{[%clk 0:22:28]} Kxg8 {[%clk 0:07:02]} 49. Bf3 {[%clk 0:22:53]} a5
{[%clk 0:02:36]} 50. Bxh5 {[%clk 0:22:49]} b5 {[%clk 0:02:56]} 51. Kg2
{[%clk 0:22:44]} 1-0

[Event "MSR_ch20"]
[Site "?"]
[Date "2024.04.12"]
[Round "9.6"]
[White "Skreko, Igor"]
[Black "Zetocha, Adrian"]
[Result "0-1"]
[BlackElo "2134"]
[WhiteElo "2165"]
[LiveChessVersion "1.4.8"]

1. d4 {[%clk 1:30:40]} Nf6 {[%clk 1:30:41]} 2. c4 {[%clk 1:31:08]} g6
{[%clk 1:30:53]} 3. Nc3 {[%clk 1:31:33]} d5 {[%clk 1:31:15]} 4. Nf3
{[%clk 1:31:59]} Bg7 {[%clk 1:31:26]} 5. e3 {[%clk 1:32:26]} O-O {[%clk 1:31:06]}
6. cxd5 {[%clk 1:32:51]} Nxd5 {[%clk 1:30:55]} 7. Bc4 {[%clk 1:33:16]} Nxc3
{[%clk 1:24:41]} 8. bxc3 {[%clk 1:33:43]} c5 {[%clk 1:24:19]} 9. O-O
{[%clk 1:34:04]} Qc7 {[%clk 1:24:16]} 10. Qe2 {[%clk 1:34:28]} b6
{[%clk 1:04:54]} 11. e4 {[%clk 1:33:46]} Nc6 {[%clk 1:02:31]} 12. Be3
{[%clk 1:34:00]} Bg4 {[%clk 0:55:27]} 13. Rac1 {[%clk 1:31:42]} Rad8
{[%clk 0:44:24]} 14. h3 {[%clk 1:27:34]} Bxf3 {[%clk 0:41:10]} 15. Qxf3
{[%clk 1:27:54]} Na5 {[%clk 0:40:44]} 16. Bb5 {[%clk 1:23:59]} c4
{[%clk 0:40:31]} 17. Qe2 {[%clk 1:11:34]} f5 {[%clk 0:29:15]} 18. f4
{[%clk 1:01:38]} Qc8 {[%clk 0:27:00]} 19. Bd2 {[%clk 0:58:25]} e6
{[%clk 0:26:15]} 20. Rb1 {[%clk 0:56:12]} a6 {[%clk 0:26:12]} 21. Ba4
{[%clk 0:56:39]} b5 {[%clk 0:20:13]} 22. Bc2 {[%clk 0:50:09]} Qd7 23. g4 Nc6
{[%clk 0:17:04]} 24. gxf5 {[%clk 0:47:53]} gxf5 {[%clk 0:16:42]} 25. Kh1
{[%clk 0:46:38]} Ne7 {[%clk 0:15:32]} 26. Rf3 {[%clk 0:44:09]} Rf6
{[%clk 0:15:09]} 27. Rg1 {[%clk 0:40:48]} Rg6 {[%clk 0:14:54]} 28. Rfg3
{[%clk 0:40:53]} Rf8 {[%clk 0:12:45]} 29. h4 {[%clk 0:38:53]} Rxg3
{[%clk 0:10:47]} 30. Rxg3 {[%clk 0:39:16]} fxe4 {[%clk 0:10:59]} 31. Bxe4
{[%clk 0:37:56]} Nd5 {[%clk 0:09:33]} 32. f5 {[%clk 0:34:48]} Kh8
{[%clk 0:08:35]} 33. Qg2 {[%clk 0:23:13]} Nc7 {[%clk 0:08:49]} 34. Bf4
{[%clk 0:21:53]} Ne8 {[%clk 0:02:10]} 35. h5 {[%clk 0:06:19]} exf5
{[%clk 0:02:07]} 36. h6 {[%clk 0:05:59]} Bxd4 {[%clk 0:01:16]} 37. cxd4
{[%clk 0:04:47]} Qxd4 {[%clk 0:01:24]} 38. Bd5 {[%clk 0:04:45]} Nf6
{[%clk 0:01:32]} 39. Bd6 {[%clk 0:03:36]} Re8 {[%clk 0:01:01]} 40. Bf7
{[%clk 0:02:47]} Re1+ {[%clk 0:00:39]} 41. Kh2 {[%clk 0:02:33]} Qh4+
{[%clk 0:18:34]} 42. Qh3 {[%clk 0:32:36]} Re2+ {[%clk 0:18:05]} 43. Kh1
{[%clk 0:32:21]} Qe4+ {[%clk 0:13:56]} 44. Kg1 {[%clk 0:29:02]} Re1+
{[%clk 0:09:01]} 45. Qf1 {[%clk 0:28:42]} Qd4+ {[%clk 0:09:17]} 0-1

[Event "MSR_ch20"]
[Site "?"]
[Date "2024.04.12"]
[Round "9.7"]
[White "Sevcik, Matej"]
[Black "Beres, Tomas"]
[Result "1/2-1/2"]
[BlackElo "2149"]
[WhiteElo "2087"]
[LiveChessVersion "1.4.8"]

1. e4 {[%clk 1:30:55]} c5 {[%clk 1:30:38]} 2. Nf3 {[%clk 1:31:15]} Nc6
{[%clk 1:30:51]} 3. Bb5 {[%clk 1:31:38]} d6 {[%clk 1:30:51]} 4. O-O
{[%clk 1:30:44]} Bd7 {[%clk 1:30:42]} 5. Re1 {[%clk 1:30:58]} Nf6
{[%clk 1:29:27]} 6. c3 {[%clk 1:29:36]} a6 {[%clk 1:29:07]} 7. Bf1
{[%clk 1:28:35]} Bg4 {[%clk 1:29:19]} 8. h3 {[%clk 1:28:24]} Bxf3
{[%clk 1:29:40]} 9. Qxf3 {[%clk 1:28:48]} e6 {[%clk 1:29:52]} 10. d3
{[%clk 1:17:39]} Be7 {[%clk 1:29:07]} 11. Be3 {[%clk 1:13:35]} d5
{[%clk 1:22:54]} 12. exd5 {[%clk 1:08:51]} Nxd5 {[%clk 1:17:14]} 13. Nd2
{[%clk 1:04:50]} O-O {[%clk 1:15:12]} 14. Nb3 {[%clk 0:58:56]} Nxe3
{[%clk 1:11:32]} 15. Qxe3 {[%clk 0:59:06]} Qd6 {[%clk 1:04:23]} 16. Rad1
{[%clk 0:57:12]} Rfd8 {[%clk 1:03:15]} 17. d4 {[%clk 0:56:00]} cxd4
{[%clk 1:02:39]} 18. Nxd4 {[%clk 0:55:28]} Nxd4 {[%clk 0:55:12]} 19. Rxd4
{[%clk 0:55:37]} Qc7 {[%clk 0:55:23]} 20. Red1 {[%clk 0:53:11]} Rxd4
{[%clk 0:54:54]} 21. Qxd4 {[%clk 0:53:30]} Rd8 {[%clk 0:54:25]} 22. Qc4
{[%clk 0:53:43]} Qxc4 {[%clk 0:53:59]} 23. Rxd8+ {[%clk 0:54:06]} Bxd8
{[%clk 0:54:22]} 1/2-1/2

[Event "MSR_ch20"]
[Site "?"]
[Date "2024.04.12"]
[Round "9.8"]
[White "Rakovsky, Jakub"]
[Black "Brnusak, Tomas"]
[Result "0-1"]
[BlackElo "2192"]
[WhiteElo "2069"]
[LiveChessVersion "1.4.8"]

1. e4 {[%clk 1:30:57]} c5 {[%clk 1:31:00]} 2. Nf3 {[%clk 1:30:25]} e6
{[%clk 1:31:19]} 3. c3 {[%clk 1:30:47]} d5 {[%clk 1:31:44]} 4. exd5
{[%clk 1:31:11]} Qxd5 {[%clk 1:32:10]} 5. Na3 {[%clk 1:30:55]} a6
{[%clk 1:31:18]} 6. Be2 {[%clk 1:25:46]} Nf6 {[%clk 1:31:20]} 7. O-O
{[%clk 1:25:50]} Be7 {[%clk 1:31:21]} 8. d4 {[%clk 1:22:24]} O-O {[%clk 1:28:37]}
9. Nc4 {[%clk 1:21:45]} Nbd7 {[%clk 1:24:57]} 10. Nfe5 {[%clk 1:12:45]} Nxe5
{[%clk 1:23:17]} 11. dxe5 {[%clk 0:50:28]} Qxd1 {[%clk 1:12:43]} 12. Rxd1
{[%clk 0:50:50]} Nd7 {[%clk 1:11:19]} 13. Bf4 {[%clk 0:41:39]} f5
{[%clk 0:58:28]} 14. Nd6 {[%clk 0:33:34]} Rd8 {[%clk 0:57:33]} 15. Bc4
{[%clk 0:31:40]} Nb6 {[%clk 0:54:19]} 16. Nxc8 {[%clk 0:13:57]} Nxc4
{[%clk 0:54:40]} 17. Nxe7+ {[%clk 0:14:14]} Kf7 {[%clk 0:55:02]} 18. b3
{[%clk 0:12:43]} Nb2 {[%clk 0:54:36]} 19. Rxd8 {[%clk 0:09:10]} Rxd8
{[%clk 0:55:02]} 20. Bg5 {[%clk 0:09:01]} Re8 {[%clk 0:54:10]} 21. f4
{[%clk 0:07:06]} h6 {[%clk 0:53:22]} 22. Bh4 {[%clk 0:07:23]} g5 {[%clk 0:51:54]}
23. fxg5 {[%clk 0:07:13]} Kxe7 {[%clk 0:52:20]} 24. gxh6+ {[%clk 0:06:51]} Kf7
{[%clk 0:52:41]} 25. Bf6 {[%clk 0:06:55]} Kg6 {[%clk 0:53:07]} 26. Rb1
{[%clk 0:06:21]} Nd3 {[%clk 0:53:29]} 27. Rd1 {[%clk 0:05:35]} Nf4
{[%clk 0:53:54]} 28. h7 {[%clk 0:03:03]} Kxh7 {[%clk 0:54:17]} 29. Rd7+
{[%clk 0:03:29]} Kg6 {[%clk 0:54:05]} 30. Rxb7 {[%clk 0:03:01]} Ne2+
{[%clk 0:54:29]} 31. Kf1 {[%clk 0:03:03]} Nxc3 {[%clk 0:54:55]} 32. Ra7
{[%clk 0:00:55]} Nxa2 {[%clk 0:55:11]} 33. Rxa6 {[%clk 0:01:19]} Nb4
{[%clk 0:55:37]} 34. Ra7 {[%clk 0:00:41]} f4 {[%clk 0:55:12]} 35. Rc7
{[%clk 0:00:51]} Nd5 {[%clk 0:55:03]} 36. Rxc5 {[%clk 0:01:05]} Rb8
{[%clk 0:55:05]} 37. Rc6 {[%clk 0:00:42]} Kf5 {[%clk 0:55:27]} 38. Rc1
{[%clk 0:00:54]} Rxb3 {[%clk 0:55:44]} 39. Bg7 {[%clk 0:00:31]} Rb2
{[%clk 0:56:03]} 40. g3 {[%clk 0:00:36]} Ne3+ {[%clk 0:56:03]} 41. Kg1
{[%clk 0:00:33]} f3 {[%clk 0:56:24]} 0-1

[Event "MSR_ch20"]
[Site "?"]
[Date "2024.04.12"]
[Round "9.10"]
[White "Koska, Jiri"]
[Black "Melih, Mario"]
[Result "1/2-1/2"]
[BlackElo "1990"]
[WhiteElo "2024"]
[LiveChessVersion "1.4.8"]

1. Nf3 {[%clk 1:30:57]} Nf6 {[%clk 1:30:48]} 2. g3 {[%clk 1:31:21]} d5
{[%clk 1:31:06]} 3. Bg2 {[%clk 1:31:46]} c5 {[%clk 1:31:31]} 4. O-O
{[%clk 1:32:02]} Nc6 {[%clk 1:31:23]} 5. d3 {[%clk 1:32:24]} e6 {[%clk 1:30:38]}
6. c4 {[%clk 1:29:14]} Be7 {[%clk 1:30:07]} 7. cxd5 {[%clk 1:27:33]} exd5
{[%clk 1:30:16]} 8. d4 {[%clk 1:27:33]} cxd4 {[%clk 1:27:24]} 9. Nxd4
{[%clk 1:27:23]} O-O {[%clk 1:26:44]} 10. Nc3 {[%clk 1:26:22]} h6
{[%clk 1:19:09]} 11. Nxc6 {[%clk 1:14:24]} bxc6 {[%clk 1:19:27]} 12. Qc2
{[%clk 1:14:34]} Be6 {[%clk 1:14:28]} 13. Rd1 {[%clk 1:04:36]} Qc8
{[%clk 1:13:23]} 14. Bf4 {[%clk 1:01:40]} Qa6 {[%clk 1:05:07]} 15. Rac1
{[%clk 0:49:37]} Rac8 {[%clk 1:04:22]} 16. Qd3 {[%clk 0:25:09]} Qxd3
{[%clk 0:52:31]} 17. Rxd3 {[%clk 0:25:28]} Bf5 {[%clk 0:52:33]} 18. Rdd1
{[%clk 0:25:22]} Rfd8 {[%clk 0:50:10]} 19. Na4 {[%clk 0:20:28]} c5
{[%clk 0:39:43]} 20. Be3 {[%clk 0:16:37]} d4 {[%clk 0:35:57]} 21. Bf4
{[%clk 0:16:51]} g5 {[%clk 0:33:25]} 22. Bb7 {[%clk 0:13:13]} gxf4
{[%clk 0:33:36]} 23. Bxc8 {[%clk 0:13:37]} Rxc8 {[%clk 0:33:42]} 24. gxf4
{[%clk 0:13:35]} Bh3 {[%clk 0:28:08]} 25. Rd3 {[%clk 0:12:20]} Bd7
{[%clk 0:28:32]} 26. b3 {[%clk 0:12:22]} Kh7 {[%clk 0:26:11]} 27. Kf1
{[%clk 0:08:41]} Nd5 {[%clk 0:24:43]} 28. Rf3 {[%clk 0:05:59]} Bf5
{[%clk 0:18:09]} 29. Nb2 {[%clk 0:04:45]} Be4 {[%clk 0:15:22]} 30. Rg3
{[%clk 0:04:48]} Nxf4 {[%clk 0:14:52]} 31. Rg4 {[%clk 0:04:12]} Bd5
{[%clk 0:10:47]} 32. Nc4 {[%clk 0:03:50]} Be6 {[%clk 0:09:16]} 33. Rxf4
{[%clk 0:02:14]} Bg5 {[%clk 0:09:03]} 34. e3 {[%clk 0:02:41]} Bxf4
{[%clk 0:06:35]} 1/2-1/2

[Event "MSR_ch20"]
[Site "?"]
[Date "2024.04.12"]
[Round "9.11"]
[White "Rak, Martin"]
[Black "Janik, Marek Tobias"]
[Result "0-1"]
[BlackElo "1885"]
[WhiteElo "2221"]
[LiveChessVersion "1.4.8"]

1. e4 {[%clk 1:30:52]} c5 {[%clk 1:30:42]} 2. b3 {[%clk 1:29:29]} e5
{[%clk 1:28:41]} 3. Bb2 {[%clk 1:29:32]} d6 {[%clk 1:29:04]} 4. g3
{[%clk 1:28:31]} h5 {[%clk 1:25:07]} 5. h4 {[%clk 1:27:18]} Nf6 {[%clk 1:23:49]}
6. Nc3 {[%clk 1:27:21]} Be6 {[%clk 1:22:45]} 7. Nf3 {[%clk 1:25:37]} Nc6
{[%clk 1:20:49]} 8. Ng5 {[%clk 1:21:20]} a6 {[%clk 1:13:42]} 9. Nxe6
{[%clk 1:19:40]} fxe6 {[%clk 1:14:08]} 10. d3 {[%clk 1:18:50]} g6
{[%clk 1:04:28]} 11. Bh3 {[%clk 1:15:38]} Qe7 {[%clk 0:59:46]} 12. Ne2
{[%clk 1:14:35]} Bg7 {[%clk 0:56:38]} 13. Bc1 {[%clk 1:04:51]} Qf7
{[%clk 0:44:46]} 14. c3 {[%clk 0:56:43]} O-O {[%clk 0:40:51]} 15. O-O
{[%clk 0:54:44]} d5 {[%clk 0:30:18]} 16. Qc2 {[%clk 0:50:09]} b5 {[%clk 0:24:07]}
17. Bb2 {[%clk 0:43:18]} Ng4 {[%clk 0:19:26]} 18. Bg2 {[%clk 0:33:52]} d4
{[%clk 0:17:45]} 19. cxd4 {[%clk 0:31:26]} Nb4 {[%clk 0:18:09]} 20. Qd2
{[%clk 0:31:06]} exd4 {[%clk 0:13:36]} 21. a3 {[%clk 0:24:36]} Bh6
{[%clk 0:11:16]} 22. f4 {[%clk 0:24:33]} Nc6 {[%clk 0:10:41]} 23. Rac1
{[%clk 0:23:39]} Qa7 {[%clk 0:10:11]} 24. Bh3 {[%clk 0:21:12]} Nce5
{[%clk 0:06:02]} 25. b4 {[%clk 0:16:48]} c4 {[%clk 0:01:53]} 26. Bxd4
{[%clk 0:14:31]} Qd7 {[%clk 0:02:17]} 27. Bxe5 {[%clk 0:13:09]} Nxe5
{[%clk 0:02:40]} 28. d4 {[%clk 0:13:20]} Nd3 {[%clk 0:01:53]} 29. Rb1
{[%clk 0:11:25]} Qd6 {[%clk 0:01:13]} 30. Qc3 {[%clk 0:09:59]} Qb6
{[%clk 0:01:04]} 31. Nc1 {[%clk 0:08:38]} Nxc1 {[%clk 0:01:06]} 32. Rbxc1
{[%clk 0:08:58]} e5 {[%clk 0:01:25]} 33. Rcd1 {[%clk 0:08:26]} exf4
{[%clk 0:01:31]} 34. gxf4 {[%clk 0:08:55]} Bxf4 {[%clk 0:01:28]} 35. Kh1
{[%clk 0:08:42]} Qf6 {[%clk 0:00:41]} 36. Qe1 {[%clk 0:08:41]} c3
{[%clk 0:00:35]} 37. Qxc3 {[%clk 0:07:48]} Qxh4 {[%clk 0:00:59]} 38. Rg1
{[%clk 0:07:48]} g5 {[%clk 0:01:18]} 39. Rg2 {[%clk 0:07:14]} Rac8
{[%clk 0:00:56]} 40. Qb3+ {[%clk 0:06:54]} Kh8 {[%clk 0:01:02]} 41. Qe6
{[%clk 0:04:19]} g4 {[%clk 0:29:40]} 42. Rd3 {[%clk 0:33:51]} Rc1+
{[%clk 0:28:32]} 43. Rg1 {[%clk 0:34:12]} Qf2 {[%clk 0:28:30]} 0-1

[Event "MSR_ch20"]
[Site "?"]
[Date "2024.04.12"]
[Round "9.12"]
[White "Jurky, Marian"]
[Black "Lovcican, Tomas"]
[Result "1/2-1/2"]
[BlackElo "2057"]
[WhiteElo "1874"]
[LiveChessVersion "1.4.8"]

1. b3 {[%clk 1:30:56]} e5 {[%clk 1:29:16]} 2. Bb2 {[%clk 1:31:21]} Nc6
{[%clk 1:29:43]} 3. e3 {[%clk 1:31:47]} d5 {[%clk 1:29:54]} 4. Bb5
{[%clk 1:32:02]} Bd6 {[%clk 1:28:04]} 5. f4 {[%clk 1:29:09]} Qh4+
{[%clk 1:16:12]} 6. g3 {[%clk 1:29:15]} Qe7 {[%clk 1:16:39]} 7. Nf3
{[%clk 1:21:32]} f6 {[%clk 1:16:43]} 8. Nc3 {[%clk 1:16:54]} Be6 {[%clk 1:14:00]}
9. Qe2 {[%clk 1:13:20]} a6 {[%clk 1:13:26]} 10. Bxc6+ {[%clk 1:10:27]} bxc6
{[%clk 1:13:52]} 11. O-O {[%clk 1:09:09]} Nh6 {[%clk 1:10:37]} 12. Qg2
{[%clk 1:03:50]} O-O {[%clk 1:06:57]} 13. Ne2 {[%clk 0:59:56]} Qd7
{[%clk 1:05:23]} 14. Qf2 {[%clk 0:35:40]} Bh3 {[%clk 0:59:43]} 15. Rfc1
{[%clk 0:35:37]} e4 {[%clk 0:59:25]} 16. Nh4 {[%clk 0:33:57]} c5 {[%clk 0:52:13]}
17. Kh1 {[%clk 0:28:50]} g5 {[%clk 0:46:18]} 18. Ng2 {[%clk 0:28:26]} Ng4
{[%clk 0:46:05]} 19. Qf1 {[%clk 0:26:52]} Qe8 {[%clk 0:41:58]} 20. Ng1
{[%clk 0:19:13]} Qh5 {[%clk 0:42:18]} 21. Nxh3 {[%clk 0:19:22]} Qxh3
{[%clk 0:42:44]} 22. Qg1 {[%clk 0:19:46]} h5 {[%clk 0:41:38]} 23. Ne1
{[%clk 0:16:42]} gxf4 {[%clk 0:38:46]} 24. exf4 {[%clk 0:06:18]} Nh6
{[%clk 0:33:00]} 25. Qg2 {[%clk 0:05:58]} Qe6 {[%clk 0:33:05]} 26. Qe2
{[%clk 0:05:18]} Qe8 {[%clk 0:23:19]} 27. Ng2 {[%clk 0:04:08]} f5
{[%clk 0:20:45]} 28. Re1 {[%clk 0:03:34]} Kh7 {[%clk 0:17:35]} 29. Nh4
{[%clk 0:02:36]} Rg8 {[%clk 0:16:26]} 30. Bf6 {[%clk 0:02:26]} Rg4
{[%clk 0:14:22]} 31. Bg5 {[%clk 0:02:14]} Be7 {[%clk 0:14:08]} 32. Bxe7
{[%clk 0:01:55]} Qxe7 {[%clk 0:14:34]} 33. Ng2 {[%clk 0:02:18]} d4
{[%clk 0:13:56]} 34. Qc4 {[%clk 0:01:13]} Qd6 {[%clk 0:08:43]} 35. c3
{[%clk 0:00:59]} Rd8 {[%clk 0:07:11]} 36. cxd4 {[%clk 0:01:01]} cxd4
{[%clk 0:07:10]} 37. Rac1 {[%clk 0:01:25]} Rd7 {[%clk 0:07:19]} 38. Qc5
{[%clk 0:01:49]} Qf6 {[%clk 0:01:38]} 39. Qc6 {[%clk 0:02:05]} Qxc6
{[%clk 0:00:34]} 1/2-1/2